000 00386nam a2200145Ia 4500
008 230711s9999||||xx |||||||||||||| ||und||
041 _aENG
082 _a621
_bTO-E
100 _aVincent Del,Toro
245 0 _aElectrical machines and power system
250 _a1st
260 _c1985
_aNew Delhi
_bPrentice-Hall of India Private Limited
650 _aElectrical Engineering
942 _cBK
999 _c711
_d711